| 000 | 00948aam a2200301 4500 | ||
|---|---|---|---|
| 001 | 19016 | ||
| 003 | CO-MdFUSB | ||
| 005 | 20180622170745.0 | ||
| 008 | 170508t1986 enk||||f |||| 00| 0 eng d | ||
| 020 | _a0-232-51657-X | ||
| 040 |
_aCO-MdFUSB _bspa _cCO-MdFUSB _dCO-MdFUSBC _erda |
||
| 041 | _aeng | ||
| 082 | 0 | 4 |
_a24 _2G 616.0472 _bAU941p |
| 100 | 1 |
_aAutton, Norman _eautor |
|
| 245 | 1 | 0 |
_aPain _b: An exploration _c/ Norman Autton |
| 264 | 1 |
_aLondon : _bDarton, Longman and Todd, _c℗1986 |
|
| 264 | 4 | _c©1986 | |
| 300 |
_axiii, 145 páginas _b: _c; |
||
| 336 |
_2rdacontent _a1 _ba1 |
||
| 337 |
_2rdamedia _a2 _b5 |
||
| 338 |
_2rdacarrier _a2 _b5 |
||
| 501 | _aIncluye indices (p.141- 145) | ||
| 505 | 0 | 0 | _aNaturaleza del dolor - Variedad del dolor - Alivio del dolor - Niños y el dolor - Actitudes hacia el dolor - Ministrar a los que sufren |
| 563 | _aRústico | ||
| 650 | 7 |
_9282 _aDolor |
|
| 942 | _cBK | ||
| 999 |
_c45396 _d45396 |
||